Every Major City in Ukraine - Statistics

General Stats
  • This quiz has been taken 9 times
  • The average score is 6 of 9
Answer Stats
Answer % Correct
Donetsk
100%
Kiev
100%
Kharkiv
89%
Lviv
89%
Dnipro
78%
Odessa
78%
Mariupol
56%
Zaporizhzhia
33%
Poltawa
0%
No matching quizzes found
Score Distribution
Percent of People with Each Score
Percentile by Number Answered
Your Score History
You have not taken this quiz